Statistics for Top 10 YouTube Anime Channels by Subcribers

Click here to take the quiz!

General Stats

  • This quiz has been taken 74 times
  • The average score is 2 of 10

Answer Stats

Channel% Correct
2.The Anime Man
87%
3.Gigguk
66%
8.Mother's Basement
25%
1.Misty Chronexia
18%
5.Glass Reflection
15%
9.Digibro
11%
4.Forneverworld
4%
6.Anime America
3%
7.Douchebag Chocolat
3%
10.Sawyer7mage
1%

Score Distribution

Percentile by Number Answered

Percent of People with Each Score

Your Score History

You have not taken this quiz